000 00417nam a2200157Ia 4500
008 240729s9999 xx 000 0 und d
022 _a1873-1597
245 0 _aPhotodiagnosis and Photodynamic Therapy
260 _aNetherlands
260 _bElsevier
650 _a Medicine (General)
650 _aMedicine
856 _uhttps://doaj.org/toc/e533edc360174646902b20ee364d76ac
942 _2ddc
942 _cDOAJEJ
999 _c74424
_d74424
945 _a1
_bMadushi Gamage
_c1
_dMadushi Gamage